| Tag |
First Indicator |
Second Indicator |
Subfields |
| LEADER |
00000cem a22000007u 4500 |
| 001 |
in00001402615 |
| 005 |
20151020052125.0 |
| 008 |
971121s1966||||||||||||||| | | ||||||d |
| 035 |
|
|
|9 AHM2688AM
|
| 040 |
|
|
|d UtOrBLW
|
| 090 |
|
|
|a G7064.M7 1966
|b .I9
|
| 245 |
0 |
0 |
|a Moskva.
|
| 264 |
|
1 |
|a Moskva,
|b [publisher not identified] ;
|c 1966.
|
| 300 |
|
|
|a 1 map :
|b color ;
|c 90 x 57 cm.
|
| 336 |
|
|
|a cartographic image
|b cri
|2 rdacontent
|
| 337 |
|
|
|a unmediated
|b n
|2 rdamedia
|
| 338 |
|
|
|a sheet
|b nb
|2 rdacarrier
|
| 500 |
|
|
|a Cartographic material.
|
| 651 |
|
0 |
|a Moscow (Russia)
|v Maps.
|
| 999 |
|
|
|a MARS
|
| 999 |
f |
f |
|s 2e894b77-7399-3cb5-a73e-c1007f644414
|i 282a4667-c110-33d8-b51a-c00d8c5486f6
|t 0
|
| 952 |
f |
f |
|p normal
|a Texas A&M University
|b College Station
|c Sterling C. Evans Library
|d Evans: Maps (2nd floor)
|t 0
|e G7064.M7 1966 .I9
|h Library of Congress classification
|i unmediated -- sheet
|m A14821988278
|
| 998 |
f |
f |
|a G7064.M7 1966 .I9
|t 0
|l Evans: Maps (2nd floor)
|